Statystyki dla Czy znasz zdobywców złotych piłek z XXI wieku?

Kliknij tutaj aby rozwiązać quiz!

Ogólne statystyki

  • Ten quiz został rozwiązany 1 269 razy
  • Średni wynik to 11 z 19

Statystyki odpowiedzi

RokPiłkarz% Poprawnych
2018Luka Modrić
83%
2017Cristiano Ronaldo
80%
2016Cristiano ronaldo
77%
2015Lionel Messi
76%
2014Cristiano ronaldo
75%
2013Cristiano ronaldo
75%
2012Lionel Messi
75%
2011Lionel Messi
75%
2010Lionel Messi
74%
2009Lionel Messi
72%
2008Cristiano Ronaldo
66%
2007Kaka
55%
2002Ronaldo
49%
2005Ronaldinho
46%
2000Luis Figo
33%
2001Michael Owen
23%
2003Pavel Nedved
21%
2006Fabio Canavarro
19%
2004Andrij Szewczenko
15%

Rozkład punktacji

Percentyl według liczby udzielonych odpowiedzi

Procent ludzi z każdym wynikiem

Twoja historia wyników

Nie rozwiązałeś tego quizu